• 首页
  • 本馆介绍
  • 公告通知
  • 最新文献
  • 馆藏检索
  • 电子资源
  • 读者导购
  • 参考咨询
  • 我的图书馆
  • 登录
  • 详细信息显示
  • 放入我的书架
  • 预约/预借图书
  • 作者相关作品
  • 分类相关作品
  • 丛书相关作品
  • 出版社相关作品

书目信息

  • 表格格式
  • 工作单格式
  • 卡片格式
题名:
列宁论马克思和恩格斯
    
 
作者: ;中共中央马恩列斯著作编译局 译
分册:  
出版信息: 北京   人民出版社  
页数: 79页
开本: 19cm
丛书名:
单 册:
中图分类: A219
科图分类:
主题词: 列宁著作--选集 , 列宁著作--文集
电子资源:
ISBN:
000 00677nam0 2200205 450
001 0657924250
005 20060925153716.76
010    @dCNY0.14
100    @a20060719d km y0chiy0120 ea
101 0  @achi
102    @aCN@b110000
200 1  @a列宁论马克思和恩格斯@Alie ning lun ma ke si he en ge si@f中共中央马恩列斯著作编译局译@Fzhong gong zhong yang ma en lie si zhu zuo bian yi ju yi
210    @a北京@c人民出版社
215    @a79页@d19cm
606 0  @a列宁著作@x选集
606 0  @a列宁著作@x文集
690    @aA219@v3
711  0 @a中共中央马恩列斯著作编译局@Azhong gong zhong yang ma en lie si zhu zuo bian yi ju@4译
801  0 @aCN@bPFT@c20060925
905    @a10447@dA219@e35
    
    列宁论马克思和恩格斯/中共中央马恩列斯著作编译局译.-北京:人民出版社
    79页;19cm
    
    
    ISBN :CNY0.14
    
●
相关链接 在E读中查询图书 在五车中查询图书 在当当中查询图书 在豆瓣中查询图书


正题名:列宁论马克思和恩格斯     索取号:A219/35         预约/预借

序号 登录号 条形码 馆藏地/架位号 状态 备注
1 0422577   204225775   密集书库/ [索取号:A219/35] 在馆    
2 0424287   204242872   密集书库/ [索取号:A219/35] 在馆    
唐山师范学院图书馆 欢迎您!
大连网信软件有限公司© 版权所有